WEB GRAPHICS :IN EASY STEPS (Record no. 238)

MARC details
000 -LEADER
fixed length control field 00418nam a22001697a 4500
005 - DATE AND TIME OF LATEST TRANSACTION
control field 20180209124400.0
008 - FIXED-LENGTH DATA ELEMENTS--GENERAL INFORMATION
fixed length control field 160429b xxu||||| |||| 00| 0 eng d
020 ## - INTERNATIONAL STANDARD BOOK NUMBER
ISBN 81-7722303-8
041 ## - LANGUAGE CODE
Language code of text/sound track or separate title eng
082 ## - DEWEY DECIMAL CLASSIFICATION NUMBER
Item number 00762
Classification number 006.6
100 ## - MAIN ENTRY--AUTHOR NAME
Personal name Lojkine, Mary
245 ## - TITLE STATEMENT
Title WEB GRAPHICS :IN EASY STEPS
260 ## - PUBLICATION, DISTRIBUTION, ETC. (IMPRINT)
Place of publication New Delhi
Name of publisher Dreamtech,
Year of publication 2003
300 ## - PHYSICAL DESCRIPTION
Number of Pages 192
650 ## - SUBJECT ADDED ENTRY--TOPICAL TERM
Topical Term Information Technology
942 ## - ADDED ENTRY ELEMENTS (KOHA)
Koha item type Books
Holdings
Lost status Damaged status Home library Current library Shelving location Date acquired Cost, normal purchase price Full call number Accession Number Koha item type Collection code Source of acquisition
Lost   JRU Library JRU Library SHELF-5-E 29/04/2016 79.00 00763 00762 Books    
    JRU Library JRU Library SHELF-52-A 29/04/2016 79.00 006.6 00763 Books CS/IT  
    JRU Library JRU Library SHELF-52-A 29/04/2016 79.00 006.6 00764 Books CS/IT  
    JRU Library JRU Library SHELF-52-A 29/04/2016 79.00 006.6 00765 Books CS/IT PURCHASE